000 00647nam a22002297a 4500
003 UA-OsUOA
001 87066
007 ta
008 20120914b un ||||| |||| 00| 0 ukr d
090 _a82.09(477)
_bЛ64
942 _cBK
040 _aUA-OsUOA
_brus
_cUA-OsUOA
_dUA-OsUOA
245 _aЛитературные портреты
_b2
_cРед. М.К.Хливецкая
300 _a736 с.
955 _a0
041 _arus
080 _a82.09(477)
260 _aКиев
_bРадянский письменник
_c1960
044 _aRU
650 7 _a82 Література. Літературознавство
_2UDC
999 _c373312
_d373312